Vista normal
Vista MARC
Entrada Topical Term
Número de registros utilizados en: 6
001 - CONTROL NUMBER
- control field: 61530
003 - CONTROL NUMBER IDENTIFIER
- control field: OSt
005 - DATE AND TIME OF LATEST TRANSACTION
- control field: 20250730142608.0
008 - FIXED-LENGTH DATA ELEMENTS
- fixed length control field: 250730|| aca||aabn | a|a d
040 ## - CATALOGING SOURCE
- Original cataloging agency: OSt
- Transcribing agency: OSt
150 ## - HEADING--TOPICAL TERM
- Topical term or geographic name entry element: Novela juvenil española
- Chronological subdivision: siglo xx
670 ## - SOURCE DATA FOUND
- Source citation: Work cat.: (OSt)57759: Almena, Fernando, 1943- aut 44555, El cuchipando /